000 00367nam a2200145Ia 4500
008 230711s9999||||xx |||||||||||||| ||und||
041 _aENG
082 _a621
_bRA-T
100 _aRamamurthy ,T.N
245 0 _aThyrister and their applications
250 _a1st Ed.
260 _c1992
_aNew Delhi
_bPradeep publishers
650 _aElectrical Engineering
942 _cBK
999 _c3024
_d3024